Statistics for Lyrics Celine Dion - Because You Loved Me

Click here to take the quiz!

General Stats

  • This quiz has been taken 883 times
  • The average score is 44 of 53

Answer Stats

Answer% Correct
You were my {voice} when I couldn't speak
96%
Because you {loved} me
95%
For all those {times} you stood by me
95%
For every {dream} you made come true
95%
You were my {eyes} when I couldn't see
95%
Lifted me {up} when I couldn't reach
94%
For all the {wrong} that you made right
93%
You're the {one} who held me up
93%
You're the one {who} saw me through
93%
You touched my hand I could touch the {sky}
93%
You were my eyes when I couldn't {see}
93%
You were my {strength} when I was weak
93%
{Because} you loved me
92%
You gave me {wings} and made me fly
92%
You saw the best there was in {me}
92%
You were my voice when I couldn't {speak}
92%
For all the {joy} you brought to my life
91%
I had your love, I had it {all}
91%
I'm everything I {am}
91%
I'm everything I {am}
91%
You were my strength when I was {weak}
91%
I'm {everything} I am
88%
Lifted me up when I couldn't {reach}
88%
You gave me faith 'coz you {believed}
88%
You gave me {faith} 'coz you believed
88%
You {saw} the best there was in me
88%
But I know this much is {true}
86%
You {were} my eyes when I couldn't see
86%
{Through} it all
85%
Because {you} loved me
84%
Never let me {fall}
84%
You {stood} by me and I {stood} tall
84%
I {lost} my faith, you gave it back to me
83%
You were {always} there for me
83%
You were my strength when I {was} weak
83%
You were my voice {when} I couldn't speak
83%
I'll be forever {thankful} baby
82%
You {gave} me faith 'coz you believed
82%
For all the love I {found} in you
79%
You saw the {best} there was in me
79%
{Lifted} me up when I couldn't reach
77%
For all the {truth} that you made me see
76%
{I'm} everything I am
76%
Maybe I don't {know} that much
76%
{Because} {you} {loved} {me}
71%
A light in the {dark} shining your love into my life
70%
I'm {grateful} for each day you gave me
69%
My {world} is a better place because of you
67%
Through the {lies} you were the truth
65%
I was {blessed} because I was.. loved by you
63%
You've been my {inspiration}
63%
You said no {star} was out of reach
60%
The {tender} wind that carried me
48%

Score Distribution

Percentile by Number Answered

Percent of People with Each Score

Your Score History

You have not taken this quiz